| 000 | 00730nam a2200193Ia 4500 | ||
|---|---|---|---|
| 003 | GCL | ||
| 008 | 140319s9999 xx 000 0 ara d | ||
| 040 |
_aGCL / _cGCL |
||
| 082 | 0 | 4 |
_a657.8 _bع م |
| 100 | 1 | _aعبدالعزيز محمود الامام | |
| 245 | 1 | 0 |
_aلموازنات التخطيطية كأداة للرقابة على حسابات الشركات العامة : _bدراسة نظرية تطبيقية / _cعبدالعزيز محمود الامام |
| 260 |
_aالرياض : _bدار المريخ للنشر ، _c1983 |
||
| 300 |
_a245 ص ؛ _c24 سم |
||
| 490 | _a | ||
| 650 | 0 | 4 | _aالمحاسبة |
| 650 | 0 | 4 | _aالشركات - محاسبة |
| 650 | 0 | 4 | _aالمحاسبة الخاصة |
| 942 |
_2ddc _cBK |
||
| 999 |
_c54110 _d54110 |
||